Distributed databases: (Record no. 16260)

MARC details
000 -LEADER
fixed length control field 01141 a2200301 4500
005 - DATE AND TIME OF LATEST TRANSACTION
control field 20081006124514.0
008 - FIXED-LENGTH DATA ELEMENTS--GENERAL INFORMATION
fixed length control field 081006t xxu||||| |||| 00| 0 eng d
010 ## - LCCN (DPL NO)
LC control number ENG-91151
020 ## - INTERNATIONAL STANDARD BOOK NUMBER
International Standard Book Number 9780070265110
Terms of availability 250.00
020 ## - INTERNATIONAL STANDARD BOOK NUMBER
International Standard Book Number 0070265119
035 ## - SYSTEM CONTROL NUMBER
System control number EN-74684
037 ## - SOURCE OF ACQUISITION
Source of stock number/acquisition DBAD / PUB
040 ## - CATALOGING SOURCE
Original cataloging agency dpl
Language of cataloging English
082 ## - DEWEY DECIMAL CLASSIFICATION NUMBER
Classification number 005.74
100 ## - MAIN ENTRY--PERSONAL NAME
Personal name Ceri, Stefano
245 ## - TITLE STATEMENT
Title Distributed databases:
Statement of responsibility, etc by Stefano Ceri [and] Giuseppe Pelagatti
Remainder of title principles and systems /
260 ## - PUBLICATION, DISTRIBUTION, ETC. (IMPRINT)
Place of publication, distribution, etc New Delhi
Name of publisher, distributor, etc Tata Mc-Graw Hill Publishing
Date of publication, distribution, etc 2008
270 ## - ADDRESS
Address 7, West Patel Nagar
City New Delhi
Postal code 110 008
300 ## - PHYSICAL DESCRIPTION
Extent xii, 393p.
Dimensions 23 cm. (Pbk.)
490 ## - SERIES STATEMENT
Series statement McGraw-Hill computer science series
500 ## - GENERAL NOTE
General note Includes bibliographical references and index
650 ## - SUBJECT ADDED ENTRY--TOPICAL TERM
Source of heading or term Database management
650 ## - SUBJECT ADDED ENTRY--TOPICAL TERM
Source of heading or term Electronic data processing
650 ## - SUBJECT ADDED ENTRY--TOPICAL TERM
Source of heading or term Distributed processing
700 ## - ADDED ENTRY--PERSONAL NAME
Personal name Pelagatti, Giuseppe
942 ## - ADDED ENTRY ELEMENTS (KOHA)
Institution code [OBSOLETE] dpl
Item type English Books
Source of classification or shelving scheme Dewey Decimal Classification
Classification part 005.74
Call number suffix CER
Holdings
Withdrawn status Lost status Source of classification or shelving scheme Damaged status Not for loan Collection code Home library Current library Date acquired Source of acquisition Cost, normal purchase price Total Checkouts Full call number Barcode Date last seen Copy number Cost, replacement price Koha item type
    Dewey Decimal Classification   Not For Loan Non-fiction D.B.Act.Division D.B.Act.Division 06/10/2008 DBAD / PUB 250.00   005.74 CER EN-74684 06/10/2008 1 250.00 English Books

© Delhi Public Library
Hit Counter
free hit counter